مكتبة جامعة عجلون الوطنية

فهرس بحث المكتبة

Normal view MARC view
  • التسويق الاجتماعي - عملاء البنك الاسلامي - الاردن

Entry Topical Term

Number of records used in: 1

001 - CONTROL NUMBER

  • control field: 59646

003 - CONTROL NUMBER IDENTIFIER

  • control field: JO-AjAnu

005 - DATE AND TIME OF LATEST TRANSACTION

  • control field: 20230606083743.0

008 - FIXED-LENGTH DATA ELEMENTS

  • fixed length control field: 230606|| aca||aabn | a|a d

040 ## - CATALOGING SOURCE

  • Original cataloging agency: JO-AjAnu
  • Transcribing agency: JO-AjAnu

150 ## - HEADING--TOPICAL TERM

  • Topical term or geographic name entry element: التسويق الاجتماعي - عملاء البنك الاسلامي - الاردن

670 ## - SOURCE DATA FOUND

  • Source citation: Work cat.: (JO-AjAnu)30419: اعداد: لمى غالب مصطفى الشويات؛اشراف:علي فلاح الزعبي, author 59645, أثر التسويق الاجتماعي في تعزيز الصورة الذهنية لدى عملاء البنك الاسلامي الدولي في الاردن=The Impact of Social Marketing on Enhancing the Mental Image of the Islamic international Arab Bank Clients -Jordan